| 000 | 01648cac a2200409 i 4500 | ||
|---|---|---|---|
| 003 | EG-GICUC | ||
| 005 | 20260121101341.0 | ||
| 008 | 060612s2006 enka b 001|0 eng d | ||
| 020 |
_a9780521682183 _qpbk. |
||
| 020 |
_a0521682185 _qpbk. |
||
| 020 | _a9780521863537 | ||
| 020 | _a0521863538 | ||
| 040 |
_aPPT-L _cPPT-L _dMBU-L _dDLC _dEG-GICUC _beng _erda |
||
| 043 | _ae------ | ||
| 050 | 0 | 0 |
_aKJE4443.32004 _b.P57 2006 |
| 082 | 0 | 4 |
_221 _a342.040 |
| 092 | 0 | 4 | _221 |
| 099 | _aLaw 08 2006 | ||
| 100 | 1 | _aPiris, Jean-Claude. | |
| 245 | 1 | 4 |
_aThe constitution for Europe : _ba legal analysis / _cJean-Claude Piris. |
| 264 |
_aCambridge, UK ; _aNew York : _bCambridge University Press, _c2006. |
||
| 300 |
_axxiii, 267 page : _billustrations ; _c23 cm. |
||
| 336 |
_atext _btxt _2rdacontent |
||
| 337 |
_aunmediated _bn _2rdamedia |
||
| 338 |
_avolume _bnc _2rdacarrier |
||
| 440 | 0 | _aCambridge studies in European law and policy | |
| 504 | _aIncludes bibliographical references (pp. 251-256) and index. | ||
| 630 | 0 | 0 |
_aTreaty Establishing a Constitution for Europe _d(2004 October 29) |
| 650 | 0 |
_aConstitutions _zEuropean Union countries. |
|
| 650 | 0 |
_aConstitutional law _zEuropean Union countries. |
|
| 856 | 4 | 2 | _uhttps://fll.law.cu.edu.eg/fulltext/bks/ENGB08-00031.pdf |
| 856 | 4 | 2 |
_3Publisher description _uhttp://www.loc.gov/catdir/enhancements/fy0661/2006277647-d.html |
| 856 | 4 | 1 |
_3Table of contents only _uhttp://www.loc.gov/catdir/enhancements/fy0661/2006277647-t.html |
| 856 | 4 | 2 |
_3Contributor biographical information _uhttp://www.loc.gov/catdir/enhancements/fy0733/2006277647-b.html |
| 905 | _a10 | ||
| 942 |
_2ddc _cBK _e21 _n0 |
||
| 999 |
_c45843 _d45843 |
||